Music Quiz

Random Music or Album Quiz
Score 0/9 Timer 05:00
0 Plays Today
Release Year Album Title % Correct
1999...Baby One More Time
90.2%
2001Britney
89.4%
2000Oops!...I Did It Again
88.1%
2008Circus
83.3%
2013Britney Jean
74%
2007Blackout
72.8%
2016Glory
70.8%
2003In the Zone
68.8%
2011Femme Fatale
65.6%
Remove Ads.
Support Sporcle.
Get the best of Sporcle when you Go Orange. This ad-free experience offers more features, more stats, and more fun while also helping to support Sporcle. Thank you for becoming a member.

You're not logged in!

Compare scores with friends on all Sporcle quizzes.
OR
Log In

Show Comments

Extras

Top Quizzes Today


Score Distribution

Your Account Isn't Verified!

In order to create a playlist on Sporcle, you need to verify the email address you used during registration. Go to your Sporcle Settings to finish the process.

Report this User

Report this user for behavior that violates our Community Guidelines.

Details: